000 00688nam a2200229 i 4500
001 C2-0270377
003 PPAK
005 20180728000750.0
008 060809s2005 xx |||| ||||| | may d
040 _aPPAK
_beng
_cPPAK
_erda
082 0 4 _a928.9923
_223
090 0 0 _a928.9923
_bWAN
_dKK
100 0 _aWan Mohd Hafiz Wan Hamzah,
_eauthor
245 1 0 _aKehidupan Unik Seorang Sasterawan (Datuk A. Samad Said)
264 1 _aAlor Setar, Kedah :
_bPerbadanan Perpustakaan Awam Kedah ,
_c2005
300 _a6 pages ;
_c30 cm
336 _2rdacontent
_atext
337 _2rdamedia
_aunmediated
338 _2rdacarrier
_avolume
650 1 0 _aAuthors, Malay - Biography.
942 _ddc
_cB
999 _c78918
_d78918